000
00326nam a22001097a 4500
082
_a
297JAW
_b
علامہ ابن قیم الجوزی
_c
Masjid
245
_a
طب نبوی
260
_a
Lahore
_b
Al Nafees Publishers
_c
Oct 2010
300
_a
536
526
_a
0
_b
0
_c
0
_d
297JAW_علامہ_ابن_قیم_الجوزی
942
_2
ddc
_c
BK
999
_c
554041
_d
554041